Taylor Swift - Compléter le refrain de Enchanted - Statistiques

Statistiques générales
  • Ce quiz a été pris 64 fois
  • Le résultat moyen est 5 sur 7
Statistiques - réponses
Question Réponse % Correct
This *** is sparklin', don't you let it go night
97%
I was enchanted to *** you meet
87%
I'll spend forever wonderin' if you *** knew
81%
This *** is flawless, don't you let it go night
71%
*** spend forever wonderin' if you knew I'll
68%
I'm wonderstruck, *** all the way home blushin'
48%
I'm wonderstruck, *** around all alone dancing
32%
Aucun quiz correspondant
Distribution des résultats
% des personnes avec chaque résultat
Percentile par nombre de réponses
Votre historique - résultats
Vous n’avez pas pris ce quiz